| 000 | 00753nam a2200253 a 4500 | ||
|---|---|---|---|
| 001 | 50990 | ||
| 003 | BD-RJUL | ||
| 005 | 20211209075608.0 | ||
| 008 | 160829s1971 cau b 001 0 eng d | ||
| 020 | _a0716704420 | ||
| 035 | _a(BD-RjUL)51110 | ||
| 040 |
_aBD-RjUL _beng _cBD-RjUL |
||
| 041 | _aeng | ||
| 082 |
_223 _a511.33 _bGRL 1971 |
||
| 100 | 1 |
_aGratzer, George A. _9152575 |
|
| 245 | 1 | 0 |
_aLattice theory : _bfirst concepts and distributive lattices / _cGeorge Gratzer. |
| 260 |
_aSan Francisco : _bFreeman, _c1971. |
||
| 300 |
_aix, 212 p. : _bill. ; _c23 cm. |
||
| 500 | _aIncludes index. | ||
| 504 | _aBibliography p. 207-12. | ||
| 650 | 0 |
_aLattice theory. _9151922 |
|
| 830 | 0 |
_aSeries of books in mathematics _9152576 |
|
| 942 |
_2ddc _cBK |
||
| 999 |
_c50990 _d50990 |
||